书目信息 |
| 题名: |
崇拜心理学
|
|
| 作者: | 祥贵 编著 | |
| 分册: | ||
| 出版信息: | 北京 大众文艺出版社 2001.09 |
|
| 页数: | 272页 | |
| 开本: | 21cm | |
| 丛书名: | ||
| 单 册: | ||
| 中图分类: | C912.69 | |
| 科图分类: | ||
| 主题词: | 崇拜--社会心理学--研究 | |
| 电子资源: | ||
| ISBN: | 7-80171-017-7 | |
| 000 | 00732nam0 2200229 450 | |
| 001 | 0149096078 | |
| 005 | 20051117152532.47 | |
| 010 | @a7-80171-017-7@dCNY18.00 | |
| 100 | @a20050119d2001 km y0chiy0120 ea | |
| 101 | 0 | @achi |
| 102 | @aCN@b110000 | |
| 105 | @ay a 000yy | |
| 200 | 1 | @a崇拜心理学@Achong bai xin li xue@f祥贵编著@Fxiang gui bian zhu |
| 210 | @a北京@c大众文艺出版社@d2001.09 | |
| 215 | @a272页@d21cm | |
| 320 | @a有书目 (第272页)。 | |
| 330 | @a本书包括崇拜心理概论;自然崇拜心理;图腾崇拜心理;神灵崇拜心理;对附会以超自然力的人物崇拜心理等内容。 | |
| 606 | 0 | @a崇拜@x社会心理学@x研究 |
| 690 | @aC912.69@v4 | |
| 701 | 0 | @a祥贵@Axiang gui@4编著 |
| 801 | 0 | @aCN@bQSSK@c20051117 |
| 905 | @a10447@dC912.69@eX267 | |
| 崇拜心理学/祥贵编著.-北京:大众文艺出版社,2001.09 |
| 272页;21cm |
| ISBN 7-80171-017-7:CNY18.00 |
| 本书包括崇拜心理概论;自然崇拜心理;图腾崇拜心理;神灵崇拜心理;对附会以超自然力的人物崇拜心理等内容。 |
| ● |
| 相关链接 |
|
|
|
正题名:崇拜心理学
索取号:C912.69/X267
 
预约/预借
| 序号 | 登录号 | 条形码 | 馆藏地/架位号 | 状态 | 备注 |
| 1 | 542171 | 205421710 | 自科二线400A/400A自科库 11排2列3层/ [索取号:C912.69/X267] | 在馆 | |
| 2 | 542172 | 205421729 | 社科库509/400A自科库 13排3列5层/ [索取号:C912.69/X267] | 在馆 | |
| 3 | 542173 | 205421738 | 自科二线400A/400A自科库 11排2列3层/ [索取号:C912.69/X267] | 在馆 | |
| 4 | 560505 | 205605059 | 社科库509/509社科库 59排9列6层/ [索取号:C912.69/X267] | 在馆 | |
| 5 | 560506 | 205605068 | 社科库509/509社科库 59排9列6层/ [索取号:C912.69/X267] | 在馆 | |
| 6 | 560507 | 205605077 | 社科库509/509社科库 59排9列6层/ [索取号:C912.69/X267] | 在馆 |